Liczby 1-10 po niemiecku - Statystyki

Ogólne statystyki
  • Ten quiz został rozwiązany 51 razy
  • Średni wynik to 9 z 10
Statystyki odpowiedzi
Polski Niemiecki % Poprawnych
Trzy Drei
100%
Dwa Zwei
100%
Pięć Fünf
97%
Jeden Eins
94%
Siedem Sieben
94%
Cztery Vier
94%
Osiem Acht
91%
Sześć Sechs
89%
Dziewięć Neun
86%
Dziesięć Zehn
86%
Nie znaleziono quizów pasujących do podanych kryteriów
Rozkład punktacji
Procent ludzi z każdym wynikiem
Percentyl według liczby udzielonych odpowiedzi
Twoja historia wyników
Nie rozwiązałeś tego quizu